Introducción a la filosofía (Registro nro. 4482)

Detalles MARC
000 -LEADER
fixed length control field 01402 a2200193 4500
001 - CONTROL NUMBER
control field 47913
005 - DATE AND TIME OF LATEST TRANSACTION
control field 20260407155744.0
008 - FIXED-LENGTH DATA ELEMENTS--GENERAL INFORMATION
fixed length control field 260407a1960 arg spa d
003 - CONTROL NUMBER IDENTIFIER
control field AR-UNSa-BCEJYS
040 ## - CATALOGING SOURCE
Original cataloging agency AR-UNSa-BCEJYS
Language of cataloging spa
Transcribing agency AR-UNSa-BCEJYS
080 ## - UNIVERSAL DECIMAL CLASSIFICATION NUMBER
Universal Decimal Classification number 101.1
Common auxiliary subdivision Naturaleza de la filosofía. La filosofía como ciencia. La filosofía como arte (pensamiento filosófico)
100 1# - MAIN ENTRY--PERSONAL NAME
Personal name Casas, Manuel Gonzalo
245 10 - TITLE STATEMENT
Title Introducción a la filosofía
264 #1 - PRODUCTION, PUBLICATION, DISTRIBUTION, MANUFACTURE, AND COPYRIGHT NOTICE
Place of production, publication, distribution, manufacture Madrid :
Name of producer, publisher, distributor, manufacturer Gredos
Date of production, publication, distribution, manufacture, or copyright notice 1960
300 ## - PHYSICAL DESCRIPTION
Extent 414 p.
Dimensions 21 cm.
505 ## - FORMATTED CONTENTS NOTE
Formatted contents note 1. La voz "filosofía" en griegos y romanos - 2. La voz "filosofía" después del cristianismo - 3. Platón - 4. Aristóteles - 5. Origen del conocimiento - 6. Supuestos y estructura del conocimiento - 7. Ciencia y filosofía - 8. Filosofía y sentido común - 9. Filosofía y teología - 10. Los temas de la filosofía - 11. El tema del conocimiento: Kant - 12. El tema de la cultura - Segunda Parte: 13. Realismo y filosofía: Santo Tomás - 14. Abstracción y filosofía - 15. Clasificación de las ciencias: lógica, cosmología - 16. La psicología - 17. La metafísica - 18. Las ciencias prácticas - 19. El espiritualismo - 20. La fenomenología: Husserl y Descartes - 21. La teoría de los objetos - 22. Max Scheler y los valores - 23. Heidegger y la filosofía existencial - 24. El marxismo -
590 ## - LOCAL NOTE (RLIN)
Local note niveau_biblio:m niveau_hierar:0
942 ## - ADDED ENTRY ELEMENTS (KOHA)
Koha item type
Existencias
Withdrawn status Lost status Damaged status Not for loan Home library Current library Shelving location Date acquired Total checkouts Full call number Barcode Date last seen Price effective from Koha item type
        Biblioteca Prof. Eusebio Cleto del Rey Biblioteca Prof. Eusebio Cleto del Rey   07/04/2026   101.1 C334 L20554 07/04/2026 07/04/2026 Libro